LEADER 01119nam a2200265 u 4500 001 000000114704 003 CaOOAMICUS 005 20090225182809.0 008 090225s2008 it u000 u ita r 020 $a88-14-13533-9 040 $aPUL$bita$dLDB 100 1 $aD'Addio, Mario,$d1923-$0(OLS)http://pul/name/1190 245 10$aNatura e società nel pensiero di Edmund Burke /$cMario D'Addio. 260 $aMilano :$bGiuffrè,$c2008. 300 $a224 p. ;$c20 cm 490 1 $aValori politici.$aNuova serie ;$v16 504 $aNote bibliografiche. 600 14$aBurke, Edmund,$d1729-1797.$0(OLS)http://pul/subject/24112 830 0$aValori politici.$pNuova serie ;$v16.$0(OLS)http://pul/title/77590 850 $aPUL 852 $aPUL$W1$xSL Diritto e Scienze Sociali 3$y79$m320. 5 DADMA 1$j131185$qDDC 21$B130143$CPULBib$Z2$F130143 $H109312 $82 941 1 $a9 996 $6020$a88-14-13533-9$9(OLS)http://pul/number/139839 996 $6245$aNatura e società nel pensiero di Edmund Burke$9(OLS)http://pul/title/144156 996 $6260$aMilano :$bGiuffrè$9(OLS)http://pul/publisher/48401 LEADER 01233nam a2200289 a 4500 001 000000145494 003 CaOOAMICUS 005 20150907141155.0 008 150907s1969 it u000 u ita r 040 $aPUL$bita 041 1 $aita$hger 100 1 $aMarxsen, Willi.$0(OLS)http://pul/name/11769 240 10$aStreit um die Bibel.$lItaliano.$0(OLS)http://pul/title/183993 245 10$aBibbia in contestazione /$cWilli Marxsen. 260 $aBrescia :$bQueriniana,$c©1969. 300 $a157 p. ;$c20 cm 490 1 $aDibattito sul cristianesimo ;$v06 630 04$aBiblia$xCritica e interpretazione.$0(OLS)http://pul/subject/2023 830 0$aDibattito sul cristianesimo ;$v06.$0(OLS)http://pul/title/9038 850 $aPUL 852 $aPUL$W1$xDP1 Fondo Bordoni$y120$m3 F 22$j166993$qFondi$B175401$CPULBib$Z2$F175401 $HBor1249 $81 852 $aPUL$W1$xDP1 Fondo S. Lanza$y121$m3 O 73$j168227$qFondi$B168824$CPULBib$Z2$F168824 $HLan1714 $82 941 1 $a1 961 $aNota ms. di possesso: Sergio Lanza 996 $6245$aBibbia in contestazione$9(OLS)http://pul/title/183994 996 $6260$aBrescia :$bQueriniana$9(OLS)http://pul/publisher/47906